| 000 | 00395 a2200145 4500 | ||
|---|---|---|---|
| 001 | 66882 | ||
| 020 | _a9780415241694 | ||
| 082 | _a621.4022 TAR | ||
| 090 |
_c38588 _d38588 |
||
| 100 | _aTarriq Muneer, | ||
| 245 |
_aHeat Transfer:A problem solving approach _cTarriq Muneer _hEnglish |
||
| 260 |
_aNY _bTaylor & Francis _c2003 |
||
| 300 | _axxiii 353 | ||
| 600 | _aJorge Kubi :Thomas Grassie | ||
| 942 |
_aNUST-CAE _k621.4022 TAR |
||
| 999 |
_c301955 _d301955 |
||